[Event "North American-ch U10"]
[Site "Montreal"]
[Date "2010.08.19"]
[Round "7"]
[White "Zimmermann, Eric"]
[Black "Fernandez, Jorge Carlo"]
[Result "1-0"]
[WhiteElo "676"]
[BlackElo "544"]
[PlyCount "53"]
[EventDate "2010.08.16"]
[EventType "swiss"]
[EventRounds "7"]
[EventCountry "CAN"]
[SourceTitle "EXT 2013"]
[Source "ChessBase"]
[SourceDate "2012.11.22"]
[SourceVersion "1"]
[SourceVersionDate "2012.11.22"]
[SourceQuality "1"]

1. d4 Nc6 2. d5 Nb4 3. Nf3 c5 4. Be3 d6 5. Nc3 Bf5 6. Rc1 Nxc2+ 7. Rxc2 Bxc2 8. Qxc2 Nf6 9. Bg5 e6 10. Bxf6 Qxf6 11. e4 Be7 12. Bb5+ Kf8 13. 0-0 a6 14. Be2 Ke8 15. Qa4+ b5 16. Bxb5+ Kf8 17. Bc6 Rb8 18. Qxa6 Bd8 19. Qa7 Rxb2 20. Qd7 Qe7 21. dxe6 Qxd7 22. exd7 Rc2 23. Nd1 Rxa2 24. Re1 c4 25. e5 dxe5 26. Rxe5 Ra1 27. Re8# 1-0